| 000 | 01387nam a2200265 i 4500 | ||
|---|---|---|---|
| 001 | 990228469370107026 | ||
| 003 | UkOxU | ||
| 005 | 20250515080125.0 | ||
| 008 | 210820t20222021enk 000|1|eng|d | ||
| 015 |
_aGBC201570 _2bnb |
||
| 016 | 7 |
_a020442677 _2Uk |
|
| 020 |
_a9780571364909 _qpaperback _cĐ8.99 |
||
| 035 | _a(UkOxU)022846937 | ||
| 035 | _a(UkOxU)022846937BIB01 | ||
| 035 | _a(Uk)020442677 | ||
| 040 |
_aStDuBDS _beng _erda _cStDuBDS _dUkOxU |
||
| 100 |
_aIshiguro, Kazuo, _d1954- _eauthor. _1https://isni.org/isni/0000000110812692 |
||
| 245 | 1 | 0 |
_aKlara and the sun _c/ Kazuo Ishiguro. |
| 264 | 1 |
_aLondon : _bFaber & Faber, _c2022. |
|
| 300 |
_a340 pages ; _c20 cm |
||
| 520 | _aFrom her place in the store, Klara, an Artificial Friend with outstanding observational qualities, watches carefully the behaviour of those who come in to browse, and of those who pass in the street outside. She remains hopeful a customer will soon choose her, but when the possibility emerges that her circumstances may change for ever, Klara is warned not to invest too much in the promises of humans. In Klara and The Sun, Kazuo Ishiguro looks at our rapidly changing world through the eyes of an unforgettable narrator to explore a fundamental question: what does it mean to love? | ||
| 650 | 0 |
_aDystopias _vFiction _924119 |
|
| 650 | 0 |
_aArtificial Intelligence _vFiction. |
|
| 942 | _2lcc | ||
| 999 |
_c4668 _d4668 |
||